00762 2200205 4500245004700000020002200047250001100069100001700080700001700097700003000114650001800144650002200162005001900184260003900203041001400242084001100256300003000267500025000297336000900547 aBicara itu Ada SeninyacHyang, Oh SuhText a978-602-455-392-0 aCet. 3 aHyang, Oh Su aAsti Ningsih aYosepha Ary Hascaryani K. aMotivasi Diri aPengembangan Diri a20241017093126 aJakartabBhuana Ilmu Populerc2018 aIndonesia a155.25 axiv, 238 hlm. :c20,8 cm. aKetika komunikasi menjadi hal yang penting untuk bersaing, pakar komunikasi Oh Su Hyang mengeluarkan buku yang sangat berani. Buku ini berisi pengalaman pengembangan diri, buku ini juga membahas tentang teknik komunikasi, persuasim dan negosiasi atext